Come sono nate le nazioni #2 - Statistics

Statistiche generali
  • Questo quiz è stato fatto 92 volte
  • Il punteggio medio è 13 su 15
Statistiche sulle risposte
NASCITA STATO % Corretto
Patti Lateranensi del 1929 che rendono questo piccolo stato indipendente dall'Italia Città del Vaticano
100%
Nacque nel 1923 dalle rovine dell'Impero Ottomano con a capo Ataturk Turchia
98%
Il 17/03/1861 si tiene la prima seduta in Parlamento a Torino Italia
96%
Cuore pulsante della Jugoslavia, dichiarò la propria indipendenza nel 2006 dopo la separazione dal Montenegro Serbia
95%
Stato a maggioranza musulmana che si separò dall'India nel 1947 Pakistan
94%
Si separò pacificamente dalla Repubblica Ceca nel 1993 con quello che è chiamato "Divorzio di Velluto" Slovacchia
94%
Fu proclamato nel 1948 a seguito del mandato inglese in Palestina grazie a una risoluzione dell'Onu Israele
93%
Si unificò nel 1871 a seguito della guerra Franco-Prussiana Germania
88%
Dopo un passato monarchico i militari presero il potere guidati da Nasser, simbolo del Panarabismo Egitto
79%
Ottenne l'indipendenza dall'Impero Ottomano nel 1830 dopo una lunga guerra Grecia
77%
Arcipelago che ottenne l'indipendenza dagli Usa nel '46 dopo esser stato sotto il giogo giapponese durante la WW2 Filippine
76%
Isola che dichiarò l'indipendenza dalla Malesia dopo che ne fu espulsa nel 1963 Singapore
74%
Nacque nel 1932 sotto la dinastia Saud dopo la conquista del territorio da part del leader tribale Abdulaziz Arabia Saudita
68%
Approfittò della Rivoluzione Russa per dichiararsi indipendente nel 1917 Finlandia
68%
Nel 1954 ottenne l'indipendenza dalla Francia ma fu diviso in Nord/Sud, riunificandosi solo nel 1975 Vietnam
57%
Nessun quiz corrispondente trovato
Distribuzione punteggi
Percentuale di utenti per punteggio
Percentile per numero di risposta
I tuoi punteggi nel tempo
Non hai fatto questo quiz